|
|
|
|
| LEADER |
00000cam a2200000 7i4500 |
| 001 |
0000007735 |
| 005 |
20220428.0 |
| 040 |
|
|
|a INS
|
| 090 |
0 |
0 |
|a KD5543.A519
|b D47 1950
|
| 245 |
0 |
0 |
|a De-rating and rating appeals :
|b English and Scottish
|c edited by Clive G. Tottenham
|
| 260 |
|
|
|a London :
|b The Solicitors' Law Stationery Society ,
|c 1950
|
| 300 |
|
|
|a Volume
|
| 650 |
|
0 |
|a Real property tax
|x Law and legislation
|z Great Britain
|
| 700 |
1 |
|
|a Tottenham, Clive G.
|
| 999 |
|
|
|a 0000022092
|b BOOK
|c Reference
|e Default branch
|
| 999 |
|
|
|a 0000022628
|b BOOK
|c Reference
|e Default branch
|
| 999 |
|
|
|a 0000023800
|b BOOK
|c Reference
|e Default branch
|
| 999 |
|
|
|a 0000023801
|b BOOK
|c Reference
|e Default branch
|